| 000 | 01058cam a2200277 a 4500 | ||
|---|---|---|---|
| 003 | OSt | ||
| 005 | 20210324153517.0 | ||
| 008 | 030724s2001 ck r 001 0 spa d | ||
| 020 | _a958635413X | ||
| 040 |
_aDLC _cCO-JMCR |
||
| 041 | 0 | _aspa | |
| 043 | _as-ck--- | ||
| 082 | 0 | 4 |
_a342.066 / _bD852a _223 |
| 100 | 1 |
_aDueñas Ruiz, Oscar José _eautor _912418 |
|
| 245 | 1 | 0 |
_aAcción y procedimiento en la tutela _bampliada con la jurisprudencia de la actual Corte Constitucional _cÓscar José Dueñas Ruiz |
| 250 | _aCuarta edición | ||
| 260 |
_aBogotá : _bLibrería del Profesional, _c2001. |
||
| 300 |
_axxxix, 595 páginas ; _c23 cm. |
||
| 500 | _aIncluye índice. | ||
| 505 | 0 | _aAcción de tutela. -- Jurisprudencia de la corte constitucional. -- Procedimiento. -- Convenios, pactos, leyes, decretos y resoluciones. | |
| 650 | 2 | 4 |
_aRecurso de amparo _zColombia _936499 |
| 650 | 2 | 4 |
_aRecursos (Derecho) _zColombia _936500 |
| 650 | 2 | 4 |
_aDerecho constitucional _zColombia _98125 |
| 710 | 1 |
_aColombia _bCorte Constitucional _936501 |
|
| 942 |
_2ddc _cBK |
||
| 999 |
_c15483 _d15483 |
||